<?xml version="1.0" encoding="UTF-8"?>
<record
    xmlns:xsi="http://www.w3.org/2001/XMLSchema-instance"
    xsi:schemaLocation="http://www.loc.gov/MARC21/slim http://www.loc.gov/standards/marcxml/schema/MARC21slim.xsd"
    xmlns="http://www.loc.gov/MARC21/slim">

  <leader>00500nam a22001577a 4500</leader>
  <controlfield tag="003">OSt</controlfield>
  <controlfield tag="005">20230213013858.0</controlfield>
  <controlfield tag="008">170510b        xxu||||| |||| 00| 0 eng d</controlfield>
  <datafield tag="040" ind1=" " ind2=" ">
    <subfield code="a">MMU</subfield>
    <subfield code="b">eng</subfield>
    <subfield code="c">MMU</subfield>
    <subfield code="d">MMU</subfield>
  </datafield>
  <datafield tag="050" ind1=" " ind2=" ">
    <subfield code="a">PE1591 .W43 2008</subfield>
  </datafield>
  <datafield tag="245" ind1=" " ind2=" ">
    <subfield code="a">Webster's English Thesaurus :</subfield>
    <subfield code="b">easy to use quickly find the right word synonyms and antonyms for school, home and office /</subfield>
  </datafield>
  <datafield tag="260" ind1=" " ind2=" ">
    <subfield code="a">Canada :</subfield>
    <subfield code="b">AMP production ,</subfield>
    <subfield code="c">2008</subfield>
  </datafield>
  <datafield tag="300" ind1=" " ind2=" ">
    <subfield code="a">250 p. :</subfield>
  </datafield>
  <datafield tag="650" ind1=" " ind2=" ">
    <subfield code="a">English Thesaurus </subfield>
  </datafield>
  <datafield tag="942" ind1=" " ind2=" ">
    <subfield code="2">lcc</subfield>
    <subfield code="c">LOAN LOAN</subfield>
  </datafield>
  <datafield tag="999" ind1=" " ind2=" ">
    <subfield code="c">27604</subfield>
    <subfield code="d">27603</subfield>
  </datafield>
  <datafield tag="952" ind1=" " ind2=" ">
    <subfield code="0">0</subfield>
    <subfield code="1">0</subfield>
    <subfield code="2">lcc</subfield>
    <subfield code="4">0</subfield>
    <subfield code="7">0</subfield>
    <subfield code="a">MMU001</subfield>
    <subfield code="b">MMU001</subfield>
    <subfield code="d">2017-05-10</subfield>
    <subfield code="e">Donation -T4C</subfield>
    <subfield code="l">0</subfield>
    <subfield code="o">REF. PE1591 .W43 2008</subfield>
    <subfield code="p">17030989</subfield>
    <subfield code="r">2017-05-10 00:00:00</subfield>
    <subfield code="w">2017-05-10</subfield>
    <subfield code="y">LOAN LOAN</subfield>
  </datafield>
</record>
